header

Kindness and joy (Record no. 216197)

MARC details
000 -LEADER
fixed length control field 01708nam a2200349 a 4500
082 04 - DEWEY DECIMAL CLASSIFICATION NUMBER
Classification number 177/.7
100 1# - MAIN ENTRY--AUTHOR NAME
Personal name Koenig, Harold G.
245 10 - TITLE STATEMENT
Title Kindness and joy
260 ## - PUBLICATION, DISTRIBUTION, ETC. (IMPRINT)
Place of publication Philadelphia :
Name of publisher Templeton Foundation Press,
Year of publication 2006.
300 ## - PHYSICAL DESCRIPTION
Number of Pages xii, 107 p.
505 0# - FORMATTED CONTENTS NOTE
Formatted contents note Kindness, the gentle generous love -- What kindness is not -- The opposite of kindness -- The divine love -- Why kindness is important -- Joy, the sacred emotion -- How kindness results in joy -- The double blessing -- When joy doesn't result -- Barriers to kindness -- Practicing kindness -- Being kind to strangers and friends -- Being kind at work -- Being kind to family -- Helping others experience the joy of kindness.
650 #0 - SUBJECT ADDED ENTRY--TOPICAL TERM
Topical Term Kindness.
Topical Term Charity.
Topical Term Joy.
856 40 - ELECTRONIC LOCATION AND ACCESS
Uniform Resource Identifier http://site.ebrary.com/lib/rucke/Doc?id=10476176

No items available.

© 2026 Rongo University
Contact us: librarian | system librarian | Rongo university